1639 1457 1768 1404 1745 1505 1767 1354 1950 1975 1653 1349 1673 1025 1568 1661 1255 1128 1553 1005 1606 1549 1805 1003 1783 1204 1379 1577 1719 1874 1684 1494 1652 1962 1154 1502 1478 1133 1954 1036 1114 1171 1795 1546 1350 1801 1955 1974 1917 1811 1903 1833 1362 1664 1103 1051 1942 1712 1971 1249 1678 1354 1345 1238 1263 1333 1361 1546 1131 1039 1911 1452 1314 1587 1421 1606 1887 1732 1288 1493 1019 1717 1992 1104 1473 1358 1236 1234 1975 1836 1658 1495 1402 1775 1197 1241 1094 1597 1222 BCNSPRNW ULIB Ver.6.0+V

เปลี่ยนเป็นภาษาไทย

Change to English
 แสดงรายละเอียดบรรณานุกรม
  กลับหน้าหลัก

Brief Record : Get Marc (ISO 2709) : E-mail record : QR code < ปิดหน้าต่าง
LEADER : 00000nam 2200000uu 4500
001    13399110603
003     ULIB
008    110603s2544||||th 000 0 tha d
020    9746574779
060  4 WQ165^bจ797ห 2544
100 0  เจียรนัย โพธิ์ไทรย์
245 10 หลักการส่งเสริมการคลอดด้วยตนเอง =^bActive birth promotion/^cโดย เจียรนัย โพธิ์ไทรย์
246 31 Active birth promotion
250    พิมพ์ครั้งที่ 1
260    เชียงใหม่ :^bแพร่การพิมพ์,^c2544
300    95, [2] หน้า :^bภาพประกอบ ;^c22 ซม.
650  7 การคลอด
945    ^p130^l0^i014847
945    ^p130^l0^i014846
945    ^p130^l0^i014844
945    ^p130^l0^i014843
945    ^p130^l0^i014842
945    ^p130^l0^i014841
945    ^p130^l0^i014839
945    ^p130^l0^i014838
945    ^p130^l0^i014845
945    ^p130^l0^i014840
995    ทศพร
999 ^a ใช้งานได้ทุกระบบ
รายการนี้ยังไม่มีแท็ก
คุณยังไม่ได้ล็อกอิน คุณสามารถมีกิจกรรมร่วมกับเว็บไซต์ได้ แต่ต้องล็อกอินก่อน ::
  ล็อกอิน

รายการสื่อสารสนเทศ

ลำดับที่ ประเภท เลขเรียก/บาร์โค้ด สถานที่ สถานะ
- ไม่พบข้อมูล -

รายการใกล้เคียง
    หัวเรื่อง [การคลอด]

BibComment


ยังไม่เคยถูกคอมเมนท์

คอมเมนท์ทรัพยากรรายการนี้
  คอมเมนท์: หลักการส่งเสริมกา..


 Copyright 2026. Bcnsprnw @Library